Premier League Managers 20/21 - Statistics

General Stats
  • This quiz has been taken 60 times
    22 since last reset
  • The average score is 14 of 20
Answer Stats
Hint Answer % Correct
Liverpool Jurgen Klopp
95%
Arsenal Mikel Arteta
95%
Manchester CIty Pep Guardiola
90%
Tottenham Hotspur Ryan Mason
85%
Chelsea Thomas Tuchel
85%
Brighton and Hove Albion Graham Potter
80%
Manchester United Ole Gunnar Solskjaer
80%
Leicester City Brendan Rodgers
75%
West Ham David Moyes
75%
Leeds United Marcelo Bielsa
75%
Burnley Sean Dyche
75%
Crystal Palace Roy Hodgson
65%
Wolverhampton Wanderers Nuno Espirito Santo
60%
Fulham Scott Parker
60%
Newcastle United Steve Bruce
60%
Aston Villa Dean Smith
55%
Southampton Ralph Hasenhuttl
55%
Everton Carlo Ancelotti
50%
Sheffield United Chris Wilder
50%
West Bromich Albion Sam Allardyce
45%
No matching quizzes found
Score Distribution
Percent of People with Each Score
Percentile by Number Answered
Your Score History
You have not taken this quiz since the last reset